Los dioses de Grecia / (Record no. 66672)

MARC details
000 -LEADER
campo de control de longitud fija 01010nam a2200301 i 4500
001 - NÚMERO DE CONTROL
campo de control 66672
003 - IDENTIFICADOR DE NÚMERO DE CONTROL
campo de control ES-MaACL
005 - FECHA Y HORA DE LA ÚLTIMA TRANSACCIÓN
campo de control 20250813060903.0
007 - CAMPO FIJO DE DESCRIPCIÓN FÍSICA--INFORMACIÓN GENERAL
campo de control de longitud fija t|
008 - DATOS DE LONGITUD FIJA--INFORMACIÓN GENERAL
campo de control de longitud fija 030519s2002 sp ||||0| spa d
020 ## - NÚMERO INTERNACIONAL ESTÁNDAR DEL LIBRO
Número Internacional Estándar del Libro 84-7844-644-3
080 ## - NÚMERO DE LA CLASIFICACIÓN DECIMAL UNIVERSAL
Número de la Clasificación Decimal Universal 292.112.1(0:82)
080 ## - NÚMERO DE LA CLASIFICACIÓN DECIMAL UNIVERSAL
Número de la Clasificación Decimal Universal 821.14.09
100 1# - ENTRADA PRINCIPAL--NOMBRE DE PERSONA
Nombre de persona Otto, Walter F.
9 (RLIN) 87956
245 14 - MENCIÓN DEL TÍTULO
Título Los dioses de Grecia /
Mención de responsabilidad, etc. Walter F. Otto ; prólogo de Jaume Pórtulas ; traducción de Rodolfo Berge y Adolfo Murguía Zuriarrain.
260 ## - PUBLICACIÓN, DISTRIBUCIÓN, ETC.
Lugar de publicación, distribución, etc. Madrid :
Nombre del editor, distribuidor, etc. Siruela,
Fecha de publicación, distribución, etc. [2002]
300 ## - DESCRIPCIÓN FÍSICA
Extensión 280 p. ;
Dimensiones 22 cm.
490 1# - MENCIÓN DE SERIE
Mención de serie El árbol del paraíso ;
Designación de volumen o secuencia 29
650 #4 - PUNTO DE ACCESO ADICIONAL DE MATERIA--TÉRMINO DE MATERIA
Término de materia o nombre geográfico como elemento de entrada Dioses griegos-
Subdivisión general En la literatura.
9 (RLIN) 11912
650 #4 - PUNTO DE ACCESO ADICIONAL DE MATERIA--TÉRMINO DE MATERIA
Término de materia o nombre geográfico como elemento de entrada Mitología griega-
Subdivisión general En la literatura.
9 (RLIN) 15106
650 14 - PUNTO DE ACCESO ADICIONAL DE MATERIA--TÉRMINO DE MATERIA
Término de materia o nombre geográfico como elemento de entrada Literatura griega-
Subdivisión general Historia y crítica.
9 (RLIN) 14599
700 1# - ENTRADA AGREGADA--NOMBRE PERSONAL
Nombre de persona Pòrtulas, Jaume.
9 (RLIN) 93297
700 1# - ENTRADA AGREGADA--NOMBRE PERSONAL
Nombre de persona Berge, Rodolfo.
9 (RLIN) 27942
700 1# - ENTRADA AGREGADA--NOMBRE PERSONAL
Nombre de persona Murguía, Adolfo.
9 (RLIN) 84576
830 13 - PUNTO DE ACCESO ADICIONAL DE SERIE-TÍTULO UNIFORME
Título uniforme El árbol del paraíso
Designación de volumen o secuencia 29
9 (RLIN) 179942
852 ## - LOCALIZACIÓN
Ubicación ES-MaACL
Número de control de estantería L-27156
Holdings
Estatus retirado Estado de pérdida Estado de daño No para préstamo Biblioteca de origen Biblioteca actual Ubicación en estantería Fecha de adquisición Fuente de adquisición Total de préstamos Signatura topográfica completa Código de barras Visto por última vez Precio de reemplazo Tipo de ítem Koha
        Biblioteca del Ateneo de Madrid Biblioteca del Ateneo de Madrid Depósito 2 17/01/2008     L-27156 1069837 23/02/2023 23/02/2023 Libro impreso